Κατάλογος Βιβλιοθηκών Mediterranean College

Foundations of Corporate Success / How Business Strategies Add Value (Record no. 3325)

MARC details
000 -LEADER
fixed length control field 01907cam a22002054a 4500
005 - ΗΜΕΡΟΜΗΝΙΑ ΚΑΙ ΩΡΑ ΤΕΛΕΥΤΑΙΑΣ ΕΝΗΜΕΡΩΣΗΣ
Πεδίο ελέγχου 20250605164112.0
008 - FIXED-LENGTH DATA ELEMENTS--GENERAL INFORMATION
Πεδίο ελέγχου σταθερού μήκους 250528s ||||||||||||||||||||||||d
035 ## - SYSTEM CONTROL NUMBER
System control number 17926
020 ## - ISBN
ISBN 019828781X
040 ## - ΠΗΓΗ ΚΑΤΑΛΟΓΟΓΡΑΦΗΣΗΣ
Φορέας πρωτότυπης καταλογογράφησης MC Athens Campus Library
Γλώσσα καταλογογράφησης Ελληνικά, Μοντέρνα (1453-)
Modifying agency MC Athens Campus Library
Κανόνες περιγραφικής καταλογογράφησης AACR2
245 1# - ΤΙΤΛΟΣ ΚΑΙ ΔΗΛΩΣΗ ΥΠΕΥΘΥΝΟΤΗΤΑΣ
Τίτλος Foundations of Corporate Success / How Business Strategies Add Value
260 ## - PUBLICATION, DISTRIBUTION, ETC.
Name of publisher, distributor, etc. Oxford University Press,
Date of publication, distribution, etc. 1993
300 ## - PHYSICAL DESCRIPTION
Extent 418
505 0# - FORMATTED CONTENTS NOTE
Formatted contents note List of Tables and Figures, Corporate Success, The Structure of Strategy, Adding Value, Business Relationships, Co-operation and Co-ordination, Relationships and Contracts, Distinctive Capabilites, Architecture, Reputation, Innovation, Strategic Assets, From Distictive Capabilities to Competitive Advantage, Markets, Mergers, Sustainability, Appropriability, The Value of Competitive Advantage, Appendix: Added Value Statements, Compettive Strategies, Pricing Positioning, Advertising and Branding, Vertical Relationships, The Strategic Audit, The Industry, The Firm, The Nation, The Future of Strategy, A Brief History of Business Strategy, Conclusions, Glossary, Bibliography, General Index.
520 ## - SUMMARY, ETC.
Summary, etc. List of Tables and Figures, Corporate Success, The Structure of Strategy, Adding Value, Business Relationships, Co-operation and Co-ordination, Relationships and Contracts, Distinctive Capabilites, Architecture, Reputation, Innovation, Strategic Assets, From Distictive Capabilities to Competitive Advantage, Markets, Mergers, Sustainability, Appropriability, The Value of Competitive Advantage, Appendix: Added Value Statements, Compettive Strategies, Pricing Positioning, Advertising and Branding, Vertical Relationships, The Strategic Audit, The Industry, The Firm, The Nation, The Future of Strategy, A Brief History of Business Strategy, Conclusions, Glossary, Bibliography, General Index.
700 1# - ΠΡΟΣΘΕΤΗ ΑΝΑΓΡΑΦΗ--ΦΥΣΙΚΟ ΠΡΟΣΩΠΟ
Personal name Kay John
9 (RLIN) 4224
942 ## - ADDED ENTRY ELEMENTS (KOHA)
Koha item type Books
Holdings
Τύπος τεκμηρίου Βιβλιοθήκη Τρέχουσα τοποθεσία Barcode Αριθμός εισαγωγής Ημερομηνία απόκτησης Ταξιθετικό σύμβολο Αριθμός αντιτύπου Κατάσταση απόσυρσης Κατάσταση χαμένου Κατάσταση κατεστραμμένου Μη δανεισμός Σύνολο δανεισμών Ημερομηνία τελευταίας εμφάνισης Η τιμή ισχύει από
Books MC Athens Campus Library MC Athens Campus Library 9780000033246 1697 05/06/2025 658.4/012 KAY 1           05/06/2025 05/06/2025

MC Athens Campus Library
Πατησίων 94 & Κοδριγκτώνος 13, 104 34
Πελλήνης 8 & Πατησίων 107, 112 51
Τ: +30 210 8899600

MC Thessaloniki Campus Library
Ίωνος Δραγούμη 21, 54625 | Ίωνος Δραγούμη 15, 54625
Τ: +30 2310 287779 – Τ: +30 2314 440300